Quiz sur la Tunisie - Statistiques

Statistiques générales
  • Ce quiz a été pris 18 387 fois
  • Le résultat moyen est 14 sur 20
Statistiques - réponses
Question Réponse % Correct
Capitale Tunis
100%
Pays frontaliers Algérie
97%
Langue officielle Arabe
97%
Mer qui borde la Tunisie Méditerranée
94%
Pays ayant un drapeau similaire
Turquie
94%
Pays frontaliers Libye
92%
Désert au sud de la Tunisie Sahara
90%
Pays qui a colonisé la Tunisie entre 1881 et 1956 France
89%
Ensemble de révolutions dans le monde arabe qui a commencé en Tunisie en décembre 2010 {Printemps} Arabe
75%
Devise monétaire Dinar
74%
Ville antique contre laquelle Rome a remporté les guerres puniques Carthage
71%
Plus grande île Djerba
63%
Principale chaîne de montagnes Atlas
54%
Général de cette ville qui aurait traversé les Alpes à dos d'éléphant Hannibal
53%
Ethnie autochtone Berbères
52%
Deuxième ou troisième plus grande ville (nommez-en une) Sfax | Sousse
52%
La Grande Mosquée de Kairouan possède le plus vieux ______ encore en état du monde M{inaret}
48%
Président de 1987 à 2011 renversé par ces révoltes Zine el-Abidine {Ben}-{Ali}
38%
Ancienne civilisation colonisatrice qui a fondé cette ville Phéniciens
25%
Fondatrice légendaire de celle-ci Didon
24%
Aucun quiz correspondant
Distribution des résultats
% des personnes avec chaque résultat
Percentile par nombre de réponses
Votre historique - résultats
Vous n’avez pas pris ce quiz